| 000 | 01051nam a2200253 i 4500 | ||
|---|---|---|---|
| 001 | 46394 | ||
| 003 | ES-MaACL | ||
| 005 | 20230906161356.0 | ||
| 007 | t| | ||
| 008 | 030328s1924 sp ||||1| spa d | ||
| 245 | 0 | 3 | _aLa concepción spengleriana del derecho. |
| 260 |
_aCórdoba, Argentina : _bAlfredo N. Peryra, _c1924. |
||
| 300 |
_a136 p. ; _c21 cm. |
||
| 505 | 8 | _aContiene: Palabras preliminares / Raul A. Orgaz. La evolución sociológica del derecho según la doctrina spengleriana / Ernesto Quesada. El derecho de la obra de Oswaldo Spengler ; Las relaciones entre las culturas (traducción) / Enrique Martínez Paz | |
| 700 | 1 |
_aOrgaz, Raul A. _9200838 |
|
| 700 | 1 |
_aQuesada, Ernesto. _994558 |
|
| 700 | 1 |
_aMartínez Paz, Enrique. _978314 |
|
| 740 | 0 | _aPalabras preliminares. | |
| 740 | 3 | _aLa evolución sociológica del serecho según la doctrina spengleriana. | |
| 740 | 3 | _aEl derecho de la obra de Oswaldo Spengler. | |
| 740 | 4 | _aLas relaciones entre las culturas. | |
| 852 |
_aES-MaACL _jA-491 _bR.4914 |
||
| 999 |
_c46394 _d46394 |
||